|
|
|
|
| LEADER |
00000nab a2200000 a 4500 |
| 001 |
vtls008833023 |
| 003 |
SK-MaSNL |
| 005 |
20260305035325.0 |
| 008 |
060213 1977 xo 000 0 slo |
| 015 |
|
|
|a SNBRB1977
|
| 040 |
|
|
|a SNKBUCL
|b slo
|c SNKBUCL
|e AACR2
|
| 041 |
0 |
|
|a slo
|
| 044 |
|
|
|a xo
|c SK
|
| 080 |
|
|
|a 796.322.015
|2 2001
|
| 100 |
1 |
|
|a Mikuš, Milan,
|d 1932-
|4 aut
|9 86479
|
| 245 |
1 |
0 |
|a Skúsenosti z práce v TSM v hádzanej
|b [Tréningové strediská mládeže]
|c Milan Mikuš ... [et al]
|
| 650 |
0 |
7 |
|a hádzaná
|2 snkbucl
|9 3292
|
| 650 |
0 |
7 |
|a mládež
|2 snkbucl
|9 1575
|
| 650 |
0 |
7 |
|a športový tréning
|2 snkbucl
|9 163263
|
| 700 |
1 |
|
|a Horváth, Rudolf,
|d 1947-
|4 aut
|9 108019
|
| 700 |
1 |
|
|a Maľcovský, Juraj,
|d 1952-
|4 aut
|9 108016
|
| 773 |
0 |
|
|t Tréner
|g Roč. 21, č. 1 (1977)
|
| 773 |
0 |
8 |
|i Pril.:Metodické listy 1
|t s. 1-16
|
| 999 |
|
|
|c 3333313
|d 3335243
|